مصطلحات التكييف و التبريد و الأدوات الصحيه / (رقم التسجيلة. 84381)
[ عرض عادي ]
| 000 -LEADER | |
|---|---|
| fixed length control field | 00663nam a22001937a 4500 |
| 005 - DATE AND TIME OF LATEST TRANSACTION | |
| control field | 20251108172626.0 |
| 008 - FIXED-LENGTH DATA ELEMENTS--GENERAL INFORMATION | |
| fixed length control field | 250721s1998 xx 000 0 ara d |
| 082 14 - DEWEY DECIMAL CLASSIFICATION NUMBER | |
| Classification number | 621,56003/مصط |
| 245 10 - TITLE STATEMENT | |
| Title | مصطلحات التكييف و التبريد و الأدوات الصحيه / |
| 264 1# - PRODUCTION, PUBLICATION, DISTRIBUTION, MANUFACTURE, AND COPYRIGHT NOTICE | |
| Place of production, publication, distribution, manufacture | عمان : |
| Name of producer, publisher, distributor, manufacturer | منشورات مجمع اللغه العربيه الأردني، |
| Date of production, publication, distribution, manufacture, or copyright notice | 1998. |
| 300 ## - PHYSICAL DESCRIPTION | |
| Extent | 92 ص. |
| 650 17 - SUBJECT ADDED ENTRY--TOPICAL TERM | |
| Topical term or geographic name as entry element | الهندسة الحرارية |
| 650 17 - SUBJECT ADDED ENTRY--TOPICAL TERM | |
| Topical term or geographic name as entry element | التبريد (الإنعاش ) |
| 650 17 - SUBJECT ADDED ENTRY--TOPICAL TERM | |
| Topical term or geographic name as entry element | تكييف الهواء |
| 650 17 - SUBJECT ADDED ENTRY--TOPICAL TERM | |
| Topical term or geographic name as entry element | أنظمة التبريد |
| 650 17 - SUBJECT ADDED ENTRY--TOPICAL TERM | |
| Topical term or geographic name as entry element | معاجم المفردات |
| 942 ## - ADDED ENTRY ELEMENTS (KOHA) | |
| Source of classification or shelving scheme | Dewey Decimal Classification |
| Koha item type | كتب |
| حالة السحب | حالة الفقدان | مصدر التصنيف | حالة التلف | غير قابل للإعارة | المكتبة الرئيسية | المكتبة الحالية | موقع الرف | تاريخ التزويد | الرقم المتسلسل | Total Checkouts | رقم الإستدعاء | الباركود | تاريخ آخر ظهور | تاريخ الفاتورة | نوع المادة (كوها) |
|---|---|---|---|---|---|---|---|---|---|---|---|---|---|---|---|
| Dewey Decimal Classification | المكتبة المركزية | المكتبة المركزية | مقتنيات قسم التزويد | 28/07/2025 | 1175512 | 621,56003/مصط | 1175512 | 28/07/2025 | 28/07/2025 | كتب | |||||
| Dewey Decimal Classification | Not For Loan | المكتبة المركزية | المكتبة المركزية | مقتنيات قسم التزويد | 28/07/2025 | 1175513 | 621,56003/مصط | 1175513 | 28/07/2025 | 28/07/2025 | كتب | ||||
| Dewey Decimal Classification | المكتبة المركزية | المكتبة المركزية | الإعارة | 29/12/2010 | 1454588 | 621,56003/مصط | PLD00176050 | 28/07/2025 | 29/12/2010 | كتب | |||||
| Dewey Decimal Classification | مكتبة مرج الحمام | مكتبة مرج الحمام | الإعارة | 28/07/2025 | 1175515 | 621,56003/مصط | 1175515 | 28/07/2025 | 28/07/2025 | كتب |